000 00500nam a22001937a 4500
005 20251108174859.0
008 250721s1993 xx 000 0 eng d
020 _a721416918
082 1 4 _aJ/F/SLE
100 1 _arowe, gavin
_eAuth.
245 1 0 _aSLeeping Beauty /
264 1 _aLONDON :
_blady birid,
_c1993.
490 0 _aFAVOURITE TALES
650 1 7 _aCHILDREN
650 1 7 _aSTORIES
653 _aاطفال مرحلة متوسطة (6-9) سنوات
942 _2ddc
_cBK
999 _c120480
_d120480